Vaříme s mámou

Bibliographic Details
Main Author: Přibík, Oldřich, 1956- (Author)
Other Authors: Baliharová, Jitka (Illuminator)
Format: Book
Language:Czech
PhysicalDescription:[16] s. Prieč. 12°
Published: Praha Panorama 1988
Edition:1. vyd.
Subjects:

MARC

LEADER 00000nam a2200000 a 4500
001 vtls001059029
003 SK-MaSNL
005 20260301193234.0
008 240314s1988 xr 0 cze
035 |a SNK000001847 
040 |a SNK  |b slo  |c SNK  |e AACR2 
041 0 |a cze 
044 |a CZ 
080 |a 087.5  |2 1981 
100 1 |a Přibík, Oldřich,  |d 1956-  |4 aut  |9 93768 
245 1 0 |a Vaříme s mámou  |c Naps. Oldřich Přibík ; Nakr. Jitka Baliharová 
250 |a 1. vyd. 
260 |a Praha  |b Panorama  |c 1988 
300 |a [16] s.  |c Prieč. 12° 
650 0 7 |a maľovanky  |2 SNK  |9 60443 
700 1 |a Baliharová, Jitka  |4 ilu  |9 572526 
958 |a RK 
958 |a OND 
999 |c 876439  |d 878369 
952 |t P60, <04>, [BOOK], {604}  |a SNK  |b SNK  |y VYP  |7 0  |o snkIE 9034  |i snkKIP 7963/88  |0 0  |1 0  |4 0  |d 1995-09-04  |l 0  |r 2004-12-31 00:00:00  |w 2026-02-24 
952 |t P60, <04>, [BOOK], {604}  |a SNK  |b SNK  |y VYP  |7 0  |o snkIE 9034 D1  |i snkKIP 7964/88  |0 0  |1 0  |4 0  |d 1995-09-04  |l 0  |r 2004-12-31 00:00:00  |w 2026-02-24